000 00626nam a2200217Ia 4500
003 OSt
005 20221007082412.0
006 a|||||r|||| 00| 0
007 ta
008 221006b |||||||| |||| 00| 0 eng d
024 _a12,240
037 _cReports / Technical Reports
040 _aFLL
_cFLL
_beng
041 _2eng
_aeng
082 _aV2:5.N66t, K6
245 0 _aInterim report of the administrative reforms commission on problems of redress of citizens' Grievances
260 _c1966
300 _a17p
_ccm.
942 _hV2:5.N66t, K6
_cREP
_2CC
999 _c1166305
_d1166305